000
00295nam a22001337a 4500
008
170407b xxu||||| |||| 00| 0 eng d
020
_a
9780071378291
041
_a
eng
080
_2
10 ED
_a
611.018
100
_a
9
101
_a
SHM
245
_a
BASIC HISTOLOGY
_c
CARLOS.L
942
_2
udc
_c
BK
999
_c
10071
_d
10071